| 000 | 00519nam a22001937a 4500 | ||
|---|---|---|---|
| 003 | MPLRDC | ||
| 005 | 20220104194501.0 | ||
| 008 | 210129b ||||| |||| 00| 0 eng d | ||
| 020 | _a978-986-185-799-2 | ||
| 082 | _a191.9 HQF | ||
| 100 | _a何权峰 | ||
| 245 |
_a眼界,决定你的世界 _c |
||
| 250 | _a初版 | ||
| 260 |
_a台湾 _b英属维京群岛商高宝国际有限公司台湾分公司 _c2013 |
||
| 300 | _b平 | ||
| 490 | _a生活励志: HL050 | ||
| 650 | _a人生哲学 | ||
| 942 |
_cBK _o191.9 HQF |
||
| 999 |
_c65698 _d65688 |
||